[Event "Ufa Kopylov Memorial op-B 7th"]
[Site "Ufa"]
[Date "2010.12.25"]
[Round "5"]
[White "Ibragimov, Maxim"]
[Black "Kutlyarov, Aleksandr"]
[Result "0-1"]
[WhiteElo "2159"]
[BlackElo "2119"]
[PlyCount "81"]
[EventDate "2010.12.21"]
[EventType "swiss"]
[EventRounds "9"]
[EventCountry "RUS"]
[SourceTitle "EXT 2012"]
[Source "ChessBase"]
[SourceDate "2011.11.24"]
[SourceVersion "1"]
[SourceVersionDate "2011.11.24"]
[SourceQuality "1"]

1. e4 c5 2. Nf3 d6 3. d4 cxd4 4. Nxd4 Nf6 5. Nc3 a6 6. Be3 e6 7. f3 Qc7 8. Qd2 b5 9. a4 b4 10. Na2 d5 11. exd5 Nxd5 12. Bf2 Bb7 13. Bd3 Nd7 14. 0-0 Be7 15. Kh1 0-0 16. Bg3 Qb6 17. Nc1 Nc5 18. a5 Qd8 19. Bc4 Rc8 20. Ncb3 Bg5 21. f4 Ne4 22. Qe2 Nxg3+ 23. hxg3 Bf6 24. Rad1 Qd6 25. Bd3 Qc7 26. Be4 Rfd8 27. Rf3 Ne7 28. Bxb7 Qxb7 29. Rfd3 Rd5 30. g4 Ng6 31. Qe3 e5 32. Ne2 Rxd3 33. Rxd3 exf4 34. Nxf4 Nxf4 35. Qxf4 Rxc2 36. Rf3 h6 37. Qd6 Qe4 38. Qd1 Rxb2 39. Nc5 Qxg4 40. Qf1 Qg6 41. Nd3 0-1

[Event "Ufa Kopylov Memorial op-B 7th"]
[Site "Ufa"]
[Date "2010.12.21"]
[Round "1"]
[White "Kudrjushova, Elena"]
[Black "Kutlyarov, Aleksandr"]
[Result "0-1"]
[WhiteElo "1763"]
[BlackElo "2119"]
[PlyCount "60"]
[EventDate "2010.12.21"]
[EventType "swiss"]
[EventRounds "9"]
[EventCountry "RUS"]
[SourceTitle "EXT 2012"]
[Source "ChessBase"]
[SourceDate "2011.11.24"]
[SourceVersion "1"]
[SourceVersionDate "2011.11.24"]
[SourceQuality "1"]

1. d4 Nf6 2. c4 e6 3. Nc3 Bb4 4. Bg5 c5 5. d5 h6 6. Bh4 d6 7. a3 Bxc3+ 8. bxc3 e5 9. Qc2 Nbd7 10. e4 g5 11. Bg3 Nh5 12. Be2 Ndf6 13. Nf3 Nf4 14. Bxf4 gxf4 15. g3 Qe7 16. Nh4 Bd7 17. Rb1 b6 18. a4 0-0 19. gxf4 exf4 20. Rg1+ Kh8 21. f3 Nxd5 22. cxd5 Qxh4+ 23. Kd2 Rg8 24. c4 Qf6 25. Bd3 Qd4 26. Rge1 Rg2+ 27. Re2 Rxe2+ 28. Kxe2 Rg8 29. Ke1 Qe3+ 30. Qe2 Rg1# 0-1

[Event "Ufa op"]
[Site "Ufa"]
[Date "2010.11.27"]
[Round "8"]
[White "Kutlyarov, Aleksandr"]
[Black "Valiullin, Albert"]
[Result "1-0"]
[WhiteElo "2117"]
[BlackElo "1874"]
[PlyCount "47"]
[EventDate "2010.11.20"]
[EventType "swiss"]
[EventRounds "9"]
[EventCountry "RUS"]
[SourceTitle "CBM 139 Extra"]
[Source "ChessBase"]
[SourceDate "2011.01.05"]
[SourceVersion "1"]
[SourceVersionDate "2011.01.05"]
[SourceQuality "1"]

1. d4 d5 2. c4 e6 3. Nf3 Nf6 4. Nc3 Bb4 5. Qc2 c5 6. e3 Nc6 7. a3 Qa5 8. Bd2 0-0 9. Rc1 Bxc3 10. Bxc3 Qb6 11. Bd3 cxd4 12. Nxd4 Ne5 13. cxd5 Nxd3+ 14. Qxd3 Nxd5 15. 0-0 Bd7 16. Rfd1 Rfd8 17. Qe2 Rac8 18. Be1 Ba4 19. Rxc8 Rxc8 20. Rb1 e5 21. Nf5 Bc2 22. Qg4 Qf6 23. Nh6+ Kf8 24. Qxc8+ 1-0

[Event "Ufa op"]
[Site "Ufa"]
[Date "2010.11.22"]
[Round "3"]
[White "Zatokovenko, Igor"]
[Black "Kutlyarov, Aleksandr"]
[Result "1-0"]
[WhiteElo "2273"]
[BlackElo "2117"]
[PlyCount "82"]
[EventDate "2010.11.20"]
[EventType "swiss"]
[EventRounds "9"]
[EventCountry "RUS"]
[SourceTitle "CBM 139 Extra"]
[Source "ChessBase"]
[SourceDate "2011.01.05"]
[SourceVersion "1"]
[SourceVersionDate "2011.01.05"]
[SourceQuality "1"]

1. d4 Nf6 2. Nf3 e6 3. Bg5 d5 4. Nbd2 c5 5. e3 Nc6 6. c3 Be7 7. Bd3 Nd7 8. Bf4 0-0 9. Qb1 h6 10. g4 cxd4 11. exd4 Bf6 12. Be3 e5 13. Be2 Re8 14. Kf1 Nf8 15. dxe5 Nxe5 16. h3 Nc6 17. Nb3 Ne6 18. Qd1 Ng5 19. Nbd4 Ne4 20. Kg2 Qe7 21. Re1 Bd7 22. Nb5 Be6 23. Bf4 Ne5 24. Nxe5 Bxe5 25. Bxe5 Bxg4 26. Bxg4 Qxe5 27. Qd4 Qf4 28. Qe3 Qe5 29. Bf3 f5 30. Bxe4 fxe4 31. Qg3 Qh5 32. Qg4 Qf7 33. Nd6 Qc7 34. Nxe8 Rxe8 35. Re3 Re5 36. Rg3 Qf7 37. Qg6 Qe7 38. Qxh6 e3 39. fxe3 Rf5 40. Kh2 Qe5 41. Rag1 Rf2+ 1-0

[Event "Ufa Dautov Memorial op"]
[Site "Ufa"]
[Date "2010.04.11"]
[Round "9"]
[White "Magafurov, Artur"]
[Black "Kutlyarov, Aleksandr"]
[Result "0-1"]
[WhiteElo "1986"]
[BlackElo "2120"]
[PlyCount "90"]
[EventDate "2010.04.03"]
[EventType "swiss"]
[EventRounds "9"]
[EventCountry "RUS"]
[SourceTitle "CBM 135 Extra"]
[Source "ChessBase"]
[SourceDate "2010.05.04"]
[SourceVersion "1"]
[SourceVersionDate "2010.05.04"]
[SourceQuality "1"]

1. e4 c5 2. Nf3 d6 3. Bb5+ Nc6 4. 0-0 Bd7 5. c4 g6 6. d4 cxd4 7. Nxd4 Bg7 8. Bxc6 bxc6 9. Nc3 Nf6 10. b3 0-0 11. Bb2 c5 12. e5 Ng4 13. Nf3 Nxe5 14. Nxe5 Bxe5 15. Qe2 Bc6 16. Kh1 Re8 17. f4 Bd4 18. f5 e6 19. fxg6 hxg6 20. Qg4 Re7 21. Rad1 Qe8 22. Rd3 f5 23. Qg5 Rg7 24. Nd1 e5 25. Rh3 Qe6 26. Re1 Rf8 27. Qh6 Qf6 28. Bxd4 cxd4 29. Qd2 e4 30. b4 e3 31. Nxe3 dxe3 32. Rhxe3 Be4 33. Kg1 Rd8 34. Qf2 Qd4 35. Kh1 Qxc4 36. Qh4 Re8 37. Qf6 Qxb4 38. h3 d5 39. Qc6 Qe7 40. Qc3 Qc7 41. Qb3 Qf7 42. Qc3 f4 43. R3e2 f3 44. Rf2 fxg2+ 45. Kg1 Qd7 0-1

[Event "Ufa Dautov Memorial op"]
[Site "Ufa"]
[Date "2010.04.09"]
[Round "7"]
[White "Aplaev, Yuriy"]
[Black "Kutlyarov, Aleksandr"]
[Result "1/2-1/2"]
[WhiteElo "2160"]
[BlackElo "2120"]
[PlyCount "113"]
[EventDate "2010.04.03"]
[EventType "swiss"]
[EventRounds "9"]
[EventCountry "RUS"]
[SourceTitle "CBM 135 Extra"]
[Source "ChessBase"]
[SourceDate "2010.05.04"]
[SourceVersion "1"]
[SourceVersionDate "2010.05.04"]
[SourceQuality "1"]

1. d4 Nf6 2. c4 g6 3. Nc3 d5 4. cxd5 Nxd5 5. Nf3 Bg7 6. e4 Nxc3 7. bxc3 0-0 8. Ba3 b6 9. Qc2 Nd7 10. Rd1 Bb7 11. Be2 Re8 12. 0-0 Qc8 13. Rfe1 c5 14. d5 Qc7 15. c4 Ne5 16. Bb2 Rad8 17. g3 Nxf3+ 18. Bxf3 Bc8 19. Bxg7 Kxg7 20. e5 Kg8 21. Qc3 Bd7 22. h4 Qc8 23. h5 Rf8 24. e6 fxe6 25. hxg6 hxg6 26. dxe6 Bxe6 27. Be4 Rxd1 28. Rxd1 Bf7 29. Bd5 Qf5 30. Bxf7+ Qxf7 31. Qc2 Kg7 32. Rd7 a5 33. Qb2+ Kg8 34. Qe2 Re8 35. Qe4 Qf5 36. Qxf5 gxf5 37. Rb7 Rd8 38. Rxb6 Rd2 39. Rb5 Rxa2 40. Rxc5 e6 41. Rc7 a4 42. Re7 Re2 43. Ra7 Ra2 44. Kg2 Kf8 45. Kf3 a3 46. c5 Rc2 47. Rxa3 Rxc5 48. Kf4 Kf7 49. Kg5 Rc7 50. Ra6 Rd7 51. Ra8 Ke7 52. Kg6 Rd2 53. Ra7+ Kd6 54. f4 Rd3 55. Kf6 Re3 56. Re7 Kd5 57. Re8 1/2-1/2

[Event "PriFR-ch Seniors"]
[Site "Izhevsk"]
[Date "2010.03.21"]
[Round "9"]
[White "Vasjukov, Alexander"]
[Black "Kutlyarov, Aleksandr"]
[Result "1-0"]
[WhiteElo "2137"]
[BlackElo "2120"]
[PlyCount "91"]
[EventDate "2010.03.13"]
[EventType "swiss"]
[EventRounds "9"]
[EventCountry "RUS"]
[SourceTitle "EXT 2012"]
[Source "ChessBase"]
[SourceDate "2011.11.24"]
[SourceVersion "1"]
[SourceVersionDate "2011.11.24"]
[SourceQuality "1"]

1. Nf3 d5 2. b3 c5 3. e3 Nc6 4. Bb5 Bd7 5. Bb2 Nf6 6. Bxc6 Bxc6 7. Ne5 Qc7 8. f4 e6 9. 0-0 Be7 10. d3 0-0 11. Rf3 Nd7 12. Rh3 g6 13. Nxd7 Bxd7 14. Nd2 Qd8 15. Nf3 e5 16. Rg3 exf4 17. exf4 d4 18. Ng5 h6 19. Nf3 Re8 20. Qd2 Bf5 21. c3 Bf6 22. cxd4 cxd4 23. Rc1 Re3 24. Ne5 Bxe5 25. fxe5 Bxd3 26. e6 Bf5 27. Rxe3 dxe3 28. Qxe3 Qb6 29. Qxb6 axb6 30. e7 f6 31. Rd1 Re8 32. Rd8 Kf7 33. Bxf6 Be4 34. g4 Bc6 35. g5 hxg5 36. Bxg5 b5 37. a3 Ke6 38. Kf2 Kf7 39. Ke3 Rg8 40. Kd4 Re8 41. Ke5 Bf3 42. Rd4 Bc6 43. Rf4+ Kg8 44. Kf6 Ra8 45. Rd4 Be8 46. Rf4 1-0

[Event "PriFR-ch Seniors"]
[Site "Izhevsk"]
[Date "2010.03.16"]
[Round "4"]
[White "Kutlyarov, Aleksandr"]
[Black "Veltmander, Iogannes G"]
[Result "0-1"]
[WhiteElo "2120"]
[BlackElo "2090"]
[PlyCount "78"]
[EventDate "2010.03.13"]
[EventType "swiss"]
[EventRounds "9"]
[EventCountry "RUS"]
[SourceTitle "EXT 2012"]
[Source "ChessBase"]
[SourceDate "2011.11.24"]
[SourceVersion "1"]
[SourceVersionDate "2011.11.24"]
[SourceQuality "1"]

1. e4 c6 2. d4 d5 3. e5 Bf5 4. h4 h6 5. g4 Bd7 6. f4 e6 7. Bd3 Be7 8. Nf3 h5 9. gxh5 Rxh5 10. Ng5 Rh8 11. Be3 Qb6 12. b3 c5 13. c3 Nc6 14. dxc5 Bxc5 15. Bxc5 Qxc5 16. Qe2 Nh6 17. b4 Qe7 18. Nd2 f6 19. Ngf3 Rc8 20. Rg1 f5 21. Ng5 Ng4 22. Rxg4 fxg4 23. Bg6+ Kf8 24. Qxg4 Nd8 25. Rc1 Be8 26. f5 Bxg6 27. fxg6 Ke8 28. Ndf3 Rc4 29. Nd4 Qc7 30. Nf7 Rxc3 31. Nd6+ Kd7 32. Rd1 Re3+ 33. Ne2 Qc3+ 34. Kf2 Qxe5 35. Nc4 Rxe2+ 36. Qxe2 Rf8+ 37. Ke1 Qg3+ 38. Kd2 Rf2 39. Ne5+ Ke8 0-1

[Event "Ufa Kopylov Memorial op-B 6th"]
[Site "Ufa"]
[Date "2009.12.18"]
[Round "3"]
[White "Kutlyarov, Aleksandr"]
[Black "Kajumov, Karim"]
[Result "1-0"]
[WhiteElo "2117"]
[BlackElo "1808"]
[PlyCount "59"]
[EventDate "2009.12.15"]
[EventType "swiss"]
[EventRounds "9"]
[EventCountry "RUS"]
[SourceTitle "EXT 2012"]
[Source "ChessBase"]
[SourceDate "2011.11.24"]
[SourceVersion "1"]
[SourceVersionDate "2011.11.24"]
[SourceQuality "1"]

1. d4 Nf6 2. c4 g6 3. Nc3 Bg7 4. g3 0-0 5. Bg2 d6 6. Nf3 Nbd7 7. 0-0 e5 8. e4 c6 9. h3 Qb6 10. Re1 exd4 11. Nxd4 Ng4 12. Nce2 Nge5 13. b3 Nc5 14. Be3 Qc7 15. Qc2 a5 16. Rad1 a4 17. b4 Ne6 18. f4 Nxd4 19. Bxd4 Nd7 20. Bxg7 Kxg7 21. Kh2 Rd8 22. Rd2 Qb6 23. Qc3+ Nf6 24. g4 Bxg4 25. hxg4 Qf2 26. Rf1 Qh4+ 27. Kg1 Qxg4 28. Rfd1 Re8 29. Qg3 Qe6 30. Rxd6 1-0

[Event "Ufa Kopylov Memorial op-B 6th"]
[Site "Ufa"]
[Date "2009.12.16"]
[Round "1"]
[White "Kutlyarov, Aleksandr"]
[Black "Galiakhmedov, Albert"]
[Result "1-0"]
[WhiteElo "2117"]
[BlackElo "1872"]
[PlyCount "55"]
[EventDate "2009.12.15"]
[EventType "swiss"]
[EventRounds "9"]
[EventCountry "RUS"]
[SourceTitle "EXT 2012"]
[Source "ChessBase"]
[SourceDate "2011.11.24"]
[SourceVersion "1"]
[SourceVersionDate "2011.11.24"]
[SourceQuality "1"]

1. d4 Nf6 2. c4 e6 3. Nf3 d5 4. Nc3 c6 5. e3 Be7 6. Bd3 dxc4 7. Bxc4 Nbd7 8. 0-0 Nb6 9. Bd3 Qc7 10. b3 h6 11. Bb2 Bd6 12. Rc1 Qe7 13. Qe2 Nbd7 14. e4 Ba3 15. Bxa3 Qxa3 16. d5 0-0 17. dxe6 fxe6 18. Nd4 Qd6 19. Nf3 Ne5 20. Nxe5 Qxe5 21. f4 Qc7 22. e5 Qb6+ 23. Kh1 Nd5 24. Qe4 Kf7 25. Qg6+ Ke7 26. f5 Ne3 27. Qxg7+ Rf7 28. f6+ 1-0

[Event "Ufa Siamidi Memorial op"]
[Site "Ufa"]
[Date "2009.10.07"]
[Round "5"]
[White "Zatokovenko, Igor"]
[Black "Kutlyarov, Aleksandr"]
[Result "1-0"]
[WhiteElo "2254"]
[BlackElo "2127"]
[PlyCount "66"]
[EventDate "2009.10.03"]
[EventType "swiss"]
[EventRounds "9"]
[EventCountry "RUS"]
[SourceTitle "EXT 2011"]
[Source "ChessBase"]
[SourceDate "2010.11.26"]
[SourceVersion "1"]
[SourceVersionDate "2010.11.26"]
[SourceQuality "1"]

1. d4 Nf6 2. Bg5 e6 3. e3 c5 4. Nd2 Be7 5. Ngf3 Nc6 6. c3 b6 7. Bd3 Bb7 8. 0-0 0-0 9. Qe2 d5 10. Rad1 Re8 11. Rfe1 Qc7 12. Bf4 Bd6 13. Bxd6 Qxd6 14. e4 dxe4 15. Nxe4 Qe7 16. dxc5 bxc5 17. Nxf6+ Qxf6 18. Be4 Rab8 19. Rd7 Ba8 20. Red1 Red8 21. R1d3 Rxd7 22. Rxd7 g6 23. Qd2 Kg7 24. g3 Ne5 25. Nxe5 Qxe5 26. Bxa8 Rxa8 27. Qd3 Rb8 28. Qf3 Qf5 29. Qxf5 gxf5 30. Rd2 Rb6 31. Kf1 e5 32. Ke2 Kf6 33. Kd3 Ke6 1-0

[Event "Ufa Dautov Memorial op"]
[Site "Ufa"]
[Date "2009.04.07"]
[Round "7"]
[White "Kutlyarov, Aleksandr"]
[Black "Khaziev, Anvar"]
[Result "1-0"]
[WhiteElo "2097"]
[BlackElo "2081"]
[PlyCount "40"]
[EventDate "2009.04.01"]
[EventType "swiss"]
[EventRounds "9"]
[EventCountry "RUS"]
[SourceTitle "CBM 130 Extra"]
[Source "ChessBase"]
[SourceDate "2009.07.02"]
[SourceVersion "2"]
[SourceVersionDate "2009.07.15"]
[SourceQuality "1"]

1. d4 d5 2. c4 c6 3. Nc3 e6 4. e3 Nd7 5. Nf3 a6 6. a4 Bb4 7. Bd2 Ndf6 8. Bd3 Ne7 9. 0-0 Ng6 10. Qc2 Bd7 11. Nxd5 Nxd5 12. cxd5 Bxd2 13. dxe6 Bb4 14. exd7+ Qxd7 15. Rad1 Rc8 16. Bf5 Qc7 17. Bxc8 Qxc8 18. Qe4+ Ne7 19. d5 a5 20. d6 Qd7 1-0

[Event "Ufa Dautov Memorial op"]
[Site "Ufa"]
[Date "2009.04.05"]
[Round "5"]
[White "Kutlyarov, Aleksandr"]
[Black "Guzairov, Arthur"]
[Result "1/2-1/2"]
[WhiteElo "2097"]
[BlackElo "2027"]
[PlyCount "125"]
[EventDate "2009.04.01"]
[EventType "swiss"]
[EventRounds "9"]
[EventCountry "RUS"]
[SourceTitle "CBM 130 Extra"]
[Source "ChessBase"]
[SourceDate "2009.07.02"]
[SourceVersion "2"]
[SourceVersionDate "2009.07.15"]
[SourceQuality "1"]

1. d4 d5 2. c4 dxc4 3. a4 Nf6 4. e3 e5 5. Bxc4 exd4 6. exd4 Bd6 7. Nf3 0-0 8. 0-0 Nc6 9. Nc3 Bg4 10. Be3 a6 11. Rc1 Qd7 12. Be2 Bf5 13. Bg5 Ne4 14. Bh4 Bf4 15. Nxe4 Bxe4 16. Rc3 Bxf3 17. Bxf3 Qxd4 18. Bxc6 Qxd1 19. Rxd1 bxc6 20. Rxc6 g5 21. Bg3 Rfd8 22. Rb1 Rab8 23. Kf1 Bxg3 24. hxg3 Rd2 25. Rxa6 Rbxb2 26. Rxb2 Rxb2 27. Rc6 Ra2 28. Rc5 Rxa4 29. Rxg5+ Kf8 30. Ke2 Rd4 31. Rh5 Kg7 32. Rc5 Rd7 33. Rc6 h5 34. Kf3 f6 35. Ke4 Kg6 36. Kf4 Rd2 37. Ke3 Rd7 38. Rc5 Re7+ 39. Kf4 Re2 40. Kf3 Re7 41. g4 hxg4+ 42. Kxg4 Re2 43. Kg3 Re7 44. f3 Rd7 45. Kh4 Rd4+ 46. g4 Rd7 47. Kg3 Rf7 48. Rc6 Rd7 49. f4 Kg7 50. Kh4 Re7 51. Kh5 Rd7 52. f5 Kf7 53. Kh6 Re7 54. Kh7 Rd7 55. Kh6 Re7 56. Kh5 Rd7 57. Kh4 Re7 58. Kg3 Re3+ 59. Kf4 Re7 60. Rc1 Rd7 61. Rc6 Re7 62. Kf3 Rd7 63. Ke4 1/2-1/2

[Event "Ufa Dautov Memorial op"]
[Site "Ufa"]
[Date "2009.04.01"]
[Round "1"]
[White "Ivanov, Vladislav"]
[Black "Kutlyarov, Aleksandr"]
[Result "0-1"]
[WhiteElo "1787"]
[BlackElo "2097"]
[PlyCount "65"]
[EventDate "2009.04.01"]
[EventType "swiss"]
[EventRounds "9"]
[EventCountry "RUS"]
[SourceTitle "CBM 130 Extra"]
[Source "ChessBase"]
[SourceDate "2009.07.02"]
[SourceVersion "2"]
[SourceVersionDate "2009.07.15"]
[SourceQuality "1"]

1. e4 c5 2. c3 d5 3. exd5 Qxd5 4. d4 e6 5. Na3 Nf6 6. Nb5 Qd8 7. dxc5 Bxc5 8. Qxd8+ Kxd8 9. Be3 Bxe3 10. fxe3 a6 11. Nd6 Ke7 12. Nxc8+ Rxc8 13. Be2 Nbd7 14. h3 Rd8 15. Nf3 Nc5 16. 0-0 Nd5 17. Ne5 f6 18. Nc4 b5 19. Na5 Rac8 20. Rf3 Ne4 21. Rd1 f5 22. Bd3 Ndf6 23. Bc2 Rxd1+ 24. Bxd1 g6 25. Bc2 b4 26. Bxe4 fxe4 27. Rf2 bxc3 28. Rc2 Nd5 29. Kf2 cxb2 30. Rxb2 Kf6 31. Nb3 Rc3 32. Re2 Ke5 33. g4 0-1

[Event "Ufa Kopylov Memorial op"]
[Site "Ufa"]
[Date "2008.12.23"]
[Round "8"]
[White "Karimov, Farid"]
[Black "Kutlyarov, Aleksandr"]
[Result "1-0"]
[WhiteElo "2046"]
[BlackElo "2158"]
[PlyCount "67"]
[EventDate "2008.12.16"]
[EventType "swiss"]
[EventRounds "9"]
[EventCountry "RUS"]
[SourceTitle "EXT 2010"]
[Source "ChessBase"]
[SourceDate "2010.11.25"]
[SourceVersion "1"]
[SourceVersionDate "2010.11.25"]
[SourceQuality "1"]

1. d4 d5 2. Nf3 Nf6 3. e3 e6 4. Bd3 Nbd7 5. Nbd2 Bd6 6. 0-0 c6 7. Re1 0-0 8. e4 dxe4 9. Nxe4 Nxe4 10. Rxe4 Nf6 11. Rh4 Be7 12. Ne5 g6 13. Bh6 Re8 14. Qf3 a5 15. c3 a4 16. Bg5 Rf8 17. Bh6 Re8 18. Rf4 Ra5 19. g4 Rd5 20. g5 Nh5 21. Rxf7 Rxe5 22. dxe5 Bxg5 23. Rxh7 Kxh7 24. Qf7+ Kh8 25. Qxg6 Qxd3 26. Qxe8+ Kh7 27. Bxg5 Qf3 28. h4 Ng7 29. Qxc8 Kg6 30. Qd8 Kh5 31. Qh8+ Kg4 32. Qxg7 Kh3 33. Be3 a3 34. Qg3+ 1-0

[Event "RUS-ch Seniors"]
[Site "Odintsovo"]
[Date "2008.10.06"]
[Round "4"]
[White "Zakharov, Alexander V"]
[Black "Kutlyarov, Aleksandr"]
[Result "1-0"]
[WhiteElo "2413"]
[BlackElo "2158"]
[PlyCount "77"]
[EventDate "2008.10.02"]
[EventType "swiss"]
[EventRounds "9"]
[EventCountry "RUS"]
[SourceTitle "CBM 127 Extra"]
[Source "ChessBase"]
[SourceDate "2009.01.08"]
[SourceVersion "2"]
[SourceVersionDate "2009.01.28"]
[SourceQuality "1"]

1. e4 c5 2. Nf3 Nc6 3. Bb5 g6 4. 0-0 Bg7 5. Bxc6 bxc6 6. Re1 Nf6 7. d3 0-0 8. Nbd2 Qc7 9. h3 d6 10. e5 Nd7 11. exd6 exd6 12. Rb1 d5 13. c4 Bb7 14. Nb3 a5 15. g3 a4 16. Bf4 Qb6 17. Nbd2 Qd8 18. Qc2 Re8 19. Rxe8+ Qxe8 20. Re1 Qf8 21. h4 a3 22. Qb3 Qc8 23. bxa3 Ra6 24. Rb1 Rb6 25. Qd1 Rxb1 26. Qxb1 Qa8 27. Bd6 Bf8 28. Bxf8 Nxf8 29. Qb6 Bc8 30. Qxc5 Bf5 31. Ne5 Qe8 32. Ndf3 dxc4 33. dxc4 Be4 34. Ng5 f6 35. Nxe4 Qxe5 36. Qxe5 fxe5 37. Nc5 Kf7 38. a4 Ke7 39. a5 1-0